| Tag |
First Indicator |
Second Indicator |
Subfields |
| LEADER |
00000cam a2200000 a 4500 |
| 001 |
in00000011434 |
| 005 |
20151007052050.0 |
| 008 |
870717s1987 ne a b 10100 eng |
| 010 |
|
|
|a 87019383
|
| 020 |
|
|
|a 9027726027
|
| 035 |
|
|
|a (OCoLC)16525117
|
| 035 |
|
|
|9 AAA6116AM
|
| 040 |
|
|
|a DLC
|c DLC
|d TXA
|d UtOrBLW
|
| 049 |
|
|
|a TXAM
|c [A11035324]
|
| 050 |
0 |
0 |
|a QD380
|b .N34 1987
|
| 082 |
0 |
|
|a 541.3/93
|2 19
|
| 111 |
2 |
|
|a NATO Advanced Research Workshop on Frontiers in Polymerization Catalysis and Polymer Synthesis
|d (1987 :
|c Bandol, France)
|
| 245 |
1 |
0 |
|a Recent advances in mechanistic and synthetic aspects of polymerization /
|c edited by M. Fontanille and A. Guyot.
|
| 264 |
|
1 |
|a Dordrecht ;
|a Boston :
|b D. Reidel ;
|c [1987]
|
| 264 |
|
2 |
|a Norwell, MA, U.S.A. :
|b Sold and distributed in the U.S.A. and Canada by Kluwer Academic Publishers,
|
| 264 |
|
4 |
|c ©1987
|
| 300 |
|
|
|a xiv, 565 pages :
|b illustrations ;
|c 25 cm.
|
| 336 |
|
|
|a text
|b txt
|2 rdacontent
|
| 337 |
|
|
|a unmediated
|b n
|2 rdamedia
|
| 338 |
|
|
|a volume
|b nc
|2 rdacarrier
|
| 490 |
1 |
|
|a NATO ASI series. Series C, Mathematical and physical sciences ;
|v vol. 215
|
| 500 |
|
|
|a "Proceedings of the NATO Advanced Research Workshop on Frontiers in Polymerization Catalysis and Polymer Synthesis, Bandol, France, February 2-6, 1987"--Title page verso.
|
| 500 |
|
|
|a "Published in cooperation with NATO Scientific Affairs Division."
|
| 504 |
|
|
|a Includes bibliographies and index.
|
| 650 |
|
0 |
|a Polymerization
|v Congresses.
|
| 650 |
|
0 |
|a Catalysis
|v Congresses.
|
| 650 |
|
0 |
|a Polymers
|v Congresses.
|
| 700 |
1 |
|
|a Fontanille, M.
|q (Michel),
|d 1936-
|
| 700 |
1 |
|
|a Guyot, A.
|q (Alain),
|d 1931-
|
| 710 |
2 |
|
|a North Atlantic Treaty Organization.
|b Scientific Affairs Division.
|
| 830 |
|
0 |
|a NATO ASI series.
|n Series C,
|p Mathematical and physical sciences ;
|v no. 215.
|
| 999 |
|
|
|a MARS
|
| 999 |
f |
f |
|s 1b799dab-ed43-34a1-9136-d88ea84ca857
|i 24e96bc6-d949-3ced-a35f-37c94463ce05
|t 0
|
| 952 |
f |
f |
|p ric
|a Texas A&M University
|b Rellis Campus
|c Joint Library Facility
|d Remote Storage
|t 0
|e QD380 .N34 1987
|h Library of Congress classification
|i unmediated -- volume
|m A14811035324
|
| 998 |
f |
f |
|a QD380 .N34 1987
|t 0
|l Remote Storage
|